000 01765cam a2200421 a 4500
999 _c126289
_d126289
001 4506595
003 ARRUPE
005 20170316094843.0
008 980427s1998 nju b 001 0 eng
010 _a 98022493
020 _a0865436460 (hb)
020 _a0865436479 (pb)
040 _aDLC
_cDLC
_dDLC
043 _af-nr---
050 0 0 _aDT515.45.O33
_bO48 1998
082 0 0 _a966.905/3
_221
245 0 0 _aOgoni's agonies :
_bKen Saro-Wiwa and the crisis in Nigeria /
_cedited by Abdul-Rasheed NaʼAllah ;
260 _aTrenton, NJ :
_bAfrica World Press,
_cc1998.
300 _axxxii, 388 p. ;
_c23 cm.
504 _aIncludes bibliographical references (p. [363]-377) and index.
600 2 0 _aSaro-Wiwa, Ken,
_d1941-
_xAssassination.
_929397
600 2 0 _aSaro-Wiwa, Ken,
_d1941-
_xPolitical and social views.
_929398
650 0 _aOgoni (African people)
_xHistory.
_929399
650 0 _aOgoni (African people)
_xCrimes against.
_929400
650 0 _aOgoni (African people)
_xGovernment relations.
_929401
650 0 _aGenocide
_zNigeria.
_929402
650 0 _aInternational business enterprises
_zNigeria.
_929403
651 0 _aNigeria
_xPolitics and government
_y1984-1993.
_929404
651 0 _aNigeria
_xPolitics and government
_y1993-2007.
_913505
651 0 _aNigeria
_xSocial conditions.
_929405
651 0 _aNigeria
_xIn literature.
_93824
700 1 _aNaʼallah, Abdul Rasheed.
_929406
906 _a7
_bcbc
_corignew
_d1
_eocip
_f19
_gy-gencatlg
942 _2lcc
_cMONOGRAPH